| 000 | 00477cam a2200181ua 4500 | ||
|---|---|---|---|
| 020 | _c1.75 | ||
| 041 |
_amal _h |
||
| 082 |
_a894.8125 _bCJS/NA |
||
| 100 | _aCJ, Smaraka Prasanga Samithi . | ||
| 245 |
_aNatakam-Oru Patanam / _cSmaraka Prasanga Samithi C J. _hTextual Documents |
||
| 250 |
_a1 / _b. |
||
| 260 |
_aKuthattukulam : _bC J Smaraka Prasanga Samithi , _c1962. |
||
| 300 | _a168 ; . | ||
| 365 | _a1.75 | ||
| 504 | _a | ||
| 942 | _cBK | ||
| 999 |
_c3804 _d3804 |
||